000 00597nam a2200181Ia 4500
005 20250508150426.0
008 008 250505s9999 xx 000 0 eng d
037 _aTextual
040 _aFEDL
_beng
_cFEDL
041 _aeng
_2eng
084 _a370.942, GRE
_qFEDL
245 0 _aEducation in 1947 : Being the report of the Ministry of Education and the statistics of public education for England and Wales
260 _aLondon, UK
_bHis Majesty's Stationery Office
300 _avii,199p.
650 _aEducation
942 _cTEXL
_h370.942, GRE
999 _c1323569
_d1323569